[Event "First Saturday 2011 june IM"]
[Site "Budapest"]
[Date "2011.06.04"]
[Round "1"]
[White "Battey, Alexander"]
[Black "Kislik, Erik Andrew"]
[Result "1/2-1/2"]
[WhiteElo "2269"]
[BlackElo "2347"]
[PlyCount "31"]
[EventDate "2011.06.04"]

1. d4 Nf6 2. c4 c5 3. d5 e6 4. Nc3 exd5 5. cxd5 d6 6. Nf3 g6 7. g3 Bg7 8. Bg2
O-O 9. O-O a6 10. a4 Re8 11. Nd2 Nbd7 12. Nc4 Nb6 13. Na3 Nbd7 14. Nc4 Nb6 15.
Na3 Nbd7 16. Nc4 1/2-1/2

[Event "First Saturday 2011 june IM"]
[Site "Budapest"]
[Date "2011.06.04"]
[Round "1"]
[White "Pirisi, Gabor"]
[Black "Omarsson, Dadi"]
[Result "1-0"]
[WhiteElo "2243"]
[BlackElo "2225"]
[PlyCount "81"]
[EventDate "2011.06.04"]

1. c4 Nf6 2. Nc3 c5 3. g3 e6 4. Bg2 d5 5. cxd5 exd5 6. Qb3 c4 7. Qa4+ Bd7 8.
Qc2 Bc6 9. d4 cxd3 10. Qxd3 d4 11. Ne4 Bb4+ 12. Kf1 O-O 13. Bg5 Be7 14. Bxf6
Bxf6 15. Rd1 Na6 16. a3 Re8 17. Nxf6+ Qxf6 18. Bxc6 Qxc6 19. Nf3 Rad8 20. Kg2
Nc7 21. Rc1 Qb6 22. Ng5 g6 23. h4 Ne6 24. Qf3 Nxg5 25. hxg5 Qe6 26. Qxb7 Rd7
27. Qb5 Rd5 28. Rc5 Qe4+ 29. Kh2 Rxc5 30. Qxc5 Qxe2 31. Qxd4 Qh5+ 32. Kg2 Qxg5
33. Rd1 Qb5 34. b4 a5 35. Qd5 Qa4 36. bxa5 Qxa3 37. Rd3 Qa1 38. Rf3 Qg7 39. a6
Qf8 40. a7 Rd8 41. Rxf7 1-0

[Event "First Saturday 2011 june IM"]
[Site "Budapest"]
[Date "2011.06.04"]
[Round "1"]
[White "Chen, Yang"]
[Black "Vas, Peter"]
[Result "0-1"]
[WhiteElo "2080"]
[BlackElo "2297"]
[PlyCount "78"]
[EventDate "2011.06.04"]

1. e4 e5 2. Nf3 Nf6 3. Nxe5 d6 4. Nf3 Nxe4 5. Nc3 Nf6 6. d4 Be7 7. Bd3 O-O 8.
O-O Bg4 9. h3 Bh5 10. Ne4 Nc6 11. c3 Nxe4 12. Bxe4 d5 13. Bc2 Bd6 14. Qd3 Bg6
15. Qd2 Re8 16. Bxg6 hxg6 17. Qd3 Qd7 18. Bd2 Re6 19. Rfe1 Rae8 20. Kf1 a6 21.
b3 Nd8 22. c4 Rxe1+ 23. Rxe1 Rxe1+ 24. Nxe1 dxc4 25. bxc4 Ne6 26. Nc2 Be7 27.
Be3 b5 28. Ke2 c6 29. c5 a5 30. a4 b4 31. Qc4 Nc7 32. Bd2 Bf6 33. Ne3 Bxd4 34.
Qd3 Ne6 35. Nc2 Qd5 36. Nxd4 Nxd4+ 37. Kd1 Kf8 38. Be3 Nf5 39. Qxd5 cxd5 0-1

[Event "First Saturday 2011 june IM"]
[Site "Budapest"]
[Date "2011.06.04"]
[Round "1"]
[White "Farago, Sandor"]
[Black "Lyell, Mark"]
[Result "0-1"]
[WhiteElo "2281"]
[BlackElo "2171"]
[PlyCount "88"]
[EventDate "2011.06.04"]

1. d4 Nc6 2. e4 d5 3. e5 Bf5 4. g4 Bd7 5. Bg2 e6 6. Ne2 h5 7. g5 Nge7 8. h4 Nf5
9. c3 Nce7 10. Nd2 c5 11. Nf3 Rc8 12. dxc5 Ng6 13. b4 b6 14. cxb6 Qxb6 15. Bh3
Ngxh4 16. Nxh4 Nxh4 17. Be3 Nf3+ 18. Kf1 Qa6 19. a4 Nxe5 20. b5 Qb7 21. Qd4 Nc4
22. Qxa7 Nxe3+ 23. Qxe3 d4 24. cxd4 Qxh1+ 25. Ng1 Qd5 26. Bg2 Qc4+ 27. Ne2 Bd6
28. b6 O-O 29. b7 Rb8 30. a5 Bb5 31. Bf3 Ba6 32. Rc1 Qb5 33. Rc6 Bb4 34. g6
Rxb7 35. gxf7+ Rbxf7 36. Qxe6 Qf5 37. Rxa6 Qxf3 38. Kg1 Qxf2+ 39. Kh1 Qh4+ 40.
Kg2 Qg5+ 41. Kh3 Kh8 42. Ng3 Rf3 43. Qe5 Qg4+ 44. Kg2 Rf2+ 0-1

[Event "First Saturday 2011 june IM"]
[Site "Budapest"]
[Date "2011.06.04"]
[Round "1"]
[White "Hou, Qiang"]
[Black "Lengyel, Bela"]
[Result "1-0"]
[WhiteElo "2284"]
[BlackElo "2296"]
[PlyCount "83"]
[EventDate "2011.06.04"]

1. e4 e5 2. Nf3 Nc6 3. Bb5 a6 4. Ba4 Nf6 5. O-O Be7 6. Re1 b5 7. Bb3 d6 8. c3
O-O 9. h3 Na5 10. Bc2 c5 11. d4 Qc7 12. Nbd2 Nc6 13. d5 Na5 14. b3 Bd7 15. Nf1
Nb7 16. Ng3 g6 17. c4 Rfb8 18. Nh2 bxc4 19. bxc4 Na5 20. Bd3 Rb4 21. Bd2 Ra4
22. Qe2 Rb8 23. Bc3 Bd8 24. Nhf1 h5 25. h4 Ra3 26. Qd2 Nh7 27. Rab1 Rxb1 28.
Rxb1 Bxh4 29. Qb2 Ra4 30. Bc2 Rxc4 31. Ne3 Rxc3 32. Qxc3 Bxg3 33. fxg3 Kg7 34.
Qd2 Nf6 35. Nf5+ Bxf5 36. exf5 Nc4 37. Qd3 Nb6 38. fxg6 e4 39. Qd2 Nbxd5 40.
gxf7 Qxf7 41. Qg5+ Kf8 42. Bxe4 1-0

[Event "First Saturday 2011 june IM"]
[Site "Budapest"]
[Date "2011.06.04"]
[Round "1"]
[White "Szalanczy, Emil"]
[Black "Foo, Benjamin"]
[Result "0-1"]
[WhiteElo "2276"]
[BlackElo "2195"]
[PlyCount "48"]
[EventDate "2011.06.04"]

1. e4 e5 2. Nf3 Nc6 3. Bb5 f5 4. Nc3 fxe4 5. Nxe4 Nf6 6. Qe2 d5 7. Nxf6+ gxf6
8. d4 Bg7 9. dxe5 O-O 10. e6 Ne5 11. Be3 Bxe6 12. O-O-O c6 13. Bd3 Qa5 14. Nd4
Bg4 15. f3 c5 16. Nb3 Qxa2 17. Bxc5 Rfc8 18. Qe3 Nc4 19. Bxc4 dxc4 20. Nd2 c3
21. Qxc3 Bf5 22. Qb3+ Qxb3 23. Nxb3 b6 24. Rhe1 bxc5 {after 19 move} 0-1

[Event "First Saturday 2011 june IM"]
[Site "Budapest"]
[Date "2011.06.05"]
[Round "2"]
[White "Lengyel, Bela"]
[Black "Szalanczy, Emil"]
[Result "1/2-1/2"]
[WhiteElo "2296"]
[BlackElo "2276"]
[PlyCount "55"]
[EventDate "2011.06.04"]

1. d4 c5 2. d5 e6 3. e4 exd5 4. exd5 d6 5. Nc3 Nf6 6. Nf3 Be7 7. Bf4 O-O 8. Be2
Re8 9. O-O Bf8 10. Nd2 a6 11. a4 Bf5 12. Bf3 Nbd7 13. Nc4 Nb6 14. Ne3 Bg6 15.
a5 Nc8 16. Nc4 Na7 17. Nb6 Rb8 18. Re1 Qc7 19. Qd2 Nb5 20. Nxb5 axb5 21. c4 b4
22. h3 Nd7 23. Nxd7 Qxd7 24. Rxe8 Rxe8 25. Bg4 Bf5 26. Bf3 Be4 27. Bg4 Bf5 28.
Bf3 1/2-1/2

[Event "First Saturday 2011 june IM"]
[Site "Budapest"]
[Date "2011.06.05"]
[Round "2"]
[White "Lyell, Mark"]
[Black "Hou, Qiang"]
[Result "1/2-1/2"]
[WhiteElo "2171"]
[BlackElo "2284"]
[PlyCount "152"]
[EventDate "2011.06.04"]

1. e4 b6 2. d4 Bb7 3. Bd3 Nf6 4. Nd2 c5 5. c3 e6 6. Ngf3 Be7 7. O-O cxd4 8.
cxd4 Nc6 9. a3 d6 10. b4 O-O 11. Bb2 Rc8 12. Qe2 Re8 13. Rad1 Qc7 14. Bb1 e5
15. Rc1 Qb8 16. dxe5 Nxe5 17. Nd4 Bf8 18. b5 Qa8 19. Rxc8 Qxc8 20. Rc1 Qd7 21.
f4 Ng6 22. g3 Nxe4 23. Nxe4 Bxe4 24. Bxe4 d5 25. Bf5 Rxe2 26. Bxd7 Rxb2 27. Rc8
Ne7 28. Ra8 g6 29. Rxa7 Kg7 30. Kh1 Rb1+ 31. Kg2 Rd1 32. Nc6 Nf5 33. Bxf5 gxf5
34. Ne5 Rd2+ 35. Kh3 Bc5 36. Nxf7 Ra2 37. a4 Bg1 38. Ne5+ Kf6 39. Nf3 Be3 40.
Rxh7 Rxa4 41. Rh6+ Kf7 42. Rd6 d4 43. Rxb6 Rb4 44. Ne5+ Kg7 45. Rg6+ Kh7 46. b6
Rb3 47. Rf6 d3 48. Rd6 d2 49. Rd7+ Kh6 50. Kh4 Rb1 51. Nc4 Bxf4 52. Nxd2 Bg5+
53. Kh3 Rxb6 54. Nf3 Be3 55. Nh4 Rf6 56. Rd5 f4 57. Nf5+ Kg6 58. Nxe3 fxe3 59.
Re5 Rf3 60. Kg4 Rf2 61. h4 e2 62. Re6+ Kf7 63. Re3 Kg6 64. Re8 Kf7 65. Re3 Kg6
66. h5+ Kf6 67. Kh3 Kg5 68. Re5+ Kf6 69. Re8 Kg5 70. Re5+ Kf6 71. Re4 Kf5 72.
Re7 Kf6 73. Re8 Kg5 74. g4 Rf3+ 75. Kg2 Kxg4 76. h6 Rf7 1/2-1/2

[Event "First Saturday 2011 june IM"]
[Site "Budapest"]
[Date "2011.06.05"]
[Round "2"]
[White "Omarsson, Dadi"]
[Black "Chen, Yang"]
[Result "1-0"]
[WhiteElo "2225"]
[BlackElo "2080"]
[PlyCount "95"]
[EventDate "2011.06.04"]

1. e4 c5 2. Nf3 Nc6 3. d4 cxd4 4. Nxd4 g6 5. Nc3 Bg7 6. Be3 Nf6 7. Bc4 O-O 8.
Bb3 a5 9. O-O d6 10. Ndb5 a4 11. Nxa4 Nxe4 12. c3 Bd7 13. Re1 Nf6 14. c4 Ne5
15. h3 Bc6 16. Qe2 Ned7 17. Nac3 Re8 18. Rad1 Qc8 19. a3 Ne5 20. Rc1 Ne4 21.
Nd5 Bxd5 22. cxd5 Nc5 23. Bc2 Qd8 24. b4 Na6 25. Bb3 Rc8 26. f4 Nd7 27. Na7
Rxc1 28. Rxc1 Ndb8 29. Ba4 Rf8 30. Qb5 e5 31. dxe6 fxe6 32. Qxb7 Qf6 33. Bb5
Qb2 34. Bxa6 Nxa6 35. Qxa6 Bd4 36. Bxd4 Qxc1+ 37. Qf1 Qxa3 38. Qe1 Re8 39. Kh2
Qd3 40. Qe3 Qf5 41. b5 e5 42. fxe5 dxe5 43. Nc6 e4 44. Qb3+ Kf8 45. Qb4+ Kf7
46. Be3 Qd7 47. Qc4+ Qe6 48. Qd4 1-0

[Event "First Saturday 2011 june IM"]
[Site "Budapest"]
[Date "2011.06.05"]
[Round "2"]
[White "Battey, Alexander"]
[Black "Pirisi, Gabor"]
[Result "1-0"]
[WhiteElo "2269"]
[BlackElo "2243"]
[PlyCount "61"]
[EventDate "2011.06.04"]

1. e4 c5 2. c3 d6 3. d4 Nf6 4. Bd3 g6 5. Nf3 Bg7 6. h3 O-O 7. O-O b6 8. e5 Ne8
9. dxc5 Bb7 10. cxd6 exd6 11. Bg5 f6 12. exf6 Nxf6 13. Nbd2 Nbd7 14. Be4 d5 15.
Bc2 h6 16. Be3 Ne4 17. Nxe4 dxe4 18. Nd4 Ne5 19. Ne6 Qh4 20. Nxg7 Nf3+ 21. gxf3
Rxf3 22. Bb3+ Kh8 23. Be6 Rd8 24. Qe2 Bd5 25. Rad1 Kxg7 26. Rxd5 Rxd5 27. Bxd5
Qxh3 28. Bd4+ Kh7 29. Qxe4 Rg3+ 30. fxg3 Qxg3+ 31. Qg2 1-0

[Event "First Saturday 2011 june IM"]
[Site "Budapest"]
[Date "2011.06.06"]
[Round "3"]
[White "Pirisi, Gabor"]
[Black "Kislik, Erik Andrew"]
[Result "1-0"]
[WhiteElo "2243"]
[BlackElo "2347"]
[PlyCount "109"]
[EventDate "2011.06.04"]

1. e4 e5 2. Nf3 Nc6 3. Bb5 a6 4. Bxc6 dxc6 5. O-O Bg4 6. h3 Bh5 7. d3 f6 8. Be3
Ne7 9. Nbd2 Bf7 10. Qe2 Ng6 11. d4 exd4 12. Nxd4 Bd6 13. Nc4 O-O 14. Nf5 Ne7
15. Nfxd6 cxd6 16. Rfd1 d5 17. Nb6 Rb8 18. c4 Qd6 19. Rac1 Rfe8 20. Qd2 Rbd8
21. Bf4 Qe6 22. Bc7 d4 23. Bxd8 Rxd8 24. Qf4 Qe5 25. Qxe5 fxe5 26. b3 Be6 27.
Na4 g5 28. Nc5 Bc8 29. g3 Ng6 30. Kg2 Kf7 31. Rd2 Ke7 32. Rf1 Rf8 33. Nd3 Kd6
34. f3 c5 35. Rdf2 Bd7 36. f4 exf4 37. gxf4 Bc6 38. fxg5 Bxe4+ 39. Kg3 Bxd3 40.
Rxf8 Nxf8 41. Rxf8 b5 42. Rf6+ Ke5 43. Rc6 bxc4 44. bxc4 Bxc4 45. Rxc5+ Bd5 46.
Kf2 Ke4 47. Ra5 Bc4 48. h4 d3 49. Ra4 Kd4 50. h5 Kc3 51. Rxc4+ Kxc4 52. g6 hxg6
53. h6 d2 54. Ke2 Kc3 55. Kd1 1-0

[Event "First Saturday 2011 june IM"]
[Site "Budapest"]
[Date "2011.06.06"]
[Round "3"]
[White "Chen, Yang"]
[Black "Battey, Alexander"]
[Result "0-1"]
[WhiteElo "2080"]
[BlackElo "2269"]
[PlyCount "48"]
[EventDate "2011.06.04"]

1. e4 c6 2. Nc3 d5 3. d4 dxe4 4. Nxe4 Bf5 5. Ng3 Bg6 6. N1e2 e6 7. Nf4 Bd6 8.
h4 Qc7 9. Nxg6 hxg6 10. Ne4 Nf6 11. Bd3 Nxe4 12. Bxe4 Nd7 13. Be3 Nf6 14. Bf3
O-O-O 15. Qd3 Qa5+ 16. Bd2 Bb4 17. c3 Bd6 18. Qc4 Qf5 19. O-O-O Ne4 20. Be3 Bf4
21. Qe2 Bxe3+ 22. Qxe3 Nf6 23. d5 Nxd5 24. Qxa7 Nf4 0-1

[Event "First Saturday 2011 june IM"]
[Site "Budapest"]
[Date "2011.06.06"]
[Round "3"]
[White "Farago, Sandor"]
[Black "Omarsson, Dadi"]
[Result "1-0"]
[WhiteElo "2281"]
[BlackElo "2225"]
[PlyCount "99"]
[EventDate "2011.06.04"]

1. e4 c5 2. Nf3 d6 3. d4 cxd4 4. Nxd4 Nf6 5. Nc3 g6 6. h3 Nc6 7. Be3 Bg7 8. g4
h5 9. g5 Nd7 10. Be2 O-O 11. Qd2 Qa5 12. Nb3 Qd8 13. f4 a6 14. O-O-O b5 15. Nd5
Bb7 16. f5 Nce5 17. Na5 Bxd5 18. exd5 Qc7 19. Rhf1 Rab8 20. Nc6 Nxc6 21. dxc6
Ne5 22. f6 Bh8 23. fxe7 Qxe7 24. Qxd6 Nxc6 25. Qxe7 Nxe7 26. Bc5 Rfe8 27. Bf3
Be5 28. Be4 Rbc8 29. b4 Nc6 30. Bd5 Nd8 31. Kb1 Ne6 32. h4 Rc7 33. Bb6 Rc3 34.
Bb3 Rh3 35. Rd7 Rxh4 36. Rdxf7 Kh8 37. a3 Nxg5 38. Rd7 Rf4 39. Re1 Nf3 40. Red1
Ref8 41. Bc5 R8f5 42. Ka2 Ng5 43. Ra7 Nf7 44. Rdd7 Kg7 45. Re7 Bc3 46. Be6 Rf6
47. Bd5 g5 48. Kb3 Ba1 49. c3 Kg6 50. Bd4 1-0

[Event "First Saturday 2011 june IM"]
[Site "Budapest"]
[Date "2011.06.06"]
[Round "3"]
[White "Hou, Qiang"]
[Black "Vas, Peter"]
[Result "1/2-1/2"]
[WhiteElo "2284"]
[BlackElo "2297"]
[PlyCount "120"]
[EventDate "2011.06.04"]

1. e4 e5 2. Nf3 Nc6 3. Bb5 g6 4. d4 exd4 5. Bg5 Be7 6. Bxe7 Qxe7 7. O-O Nf6 8.
e5 Nd5 9. Nxd4 O-O 10. Nf3 Qc5 11. Na3 a6 12. Bd3 Nf4 13. Re1 Re8 14. Re4 Nxd3
15. cxd3 d5 16. exd6 Rxe4 17. dxe4 cxd6 18. Rc1 Qb4 19. Nc4 Be6 20. b3 Rd8 21.
Ng5 Bxc4 22. Rxc4 Qa5 23. h4 Qxa2 24. Rc3 Qa5 25. Rd3 Qe5 26. Rd5 Qe7 27. Qf3
Ne5 28. Qg3 h5 29. Nh3 Rc8 30. Rd1 Ng4 31. f3 Ne5 32. Nf4 Kh7 33. Nd5 Qe6 34.
Qg5 Nd7 35. Nf4 Qe5 36. Qxe5 Nxe5 37. Rxd6 Rc1+ 38. Kh2 Kg7 39. Nd5 Rc6 40. Rd8
Nd3 41. Kg3 a5 42. Ra8 Ra6 43. Re8 Re6 44. Ra8 Ra6 45. Rb8 Nc5 46. b4 axb4 47.
Nxb4 Ra3 48. Kf2 Rb3 49. Nd5 Rb2+ 50. Kg3 Nd3 51. f4 Ne1 52. e5 Rxg2+ 53. Kh3
Rb2 54. Nf6 Rb3+ 55. Kh2 Nf3+ 56. Kh1 Rb1+ 57. Kg2 Nxh4+ 58. Kh3 Rh1+ 59. Kg3
Nf5+ 60. Kg2 Rb1 1/2-1/2

[Event "First Saturday 2011 june IM"]
[Site "Budapest"]
[Date "2011.06.06"]
[Round "3"]
[White "Szalanczy, Emil"]
[Black "Lyell, Mark"]
[Result "1-0"]
[WhiteElo "2276"]
[BlackElo "2171"]
[PlyCount "123"]
[EventDate "2011.06.04"]

1. e4 e5 2. Nf3 Nc6 3. Bb5 f5 4. Nc3 fxe4 5. Nxe4 Nf6 6. Qe2 d5 7. Nxf6+ gxf6
8. d4 Bg7 9. dxe5 O-O 10. e6 Ne5 11. Be3 c6 12. Bd3 Bxe6 13. h3 Re8 14. O-O Qd7
15. Nd4 Nxd3 16. Qxd3 Bf7 17. Qf5 Qc7 18. Qf3 Bg6 19. c3 Qd7 20. Rad1 Kh8 21.
Rd2 Rg8 22. Qg4 f5 23. Qh4 Rae8 24. Bf4 Qf7 25. f3 Bf6 26. Qf2 Be5 27. Bxe5+
Rxe5 28. f4 Re4 29. Nf3 Qg7 30. Ng5 Re7 31. Qxa7 Bh5 32. Qd4 Qxd4+ 33. Rxd4 h6
34. Nf3 Re2 35. Nh4 Rxb2 36. Rf2 Rxf2 37. Kxf2 Re8 38. Nxf5 Re2+ 39. Kg3 Kh7
40. Rb4 b5 41. a4 Bg6 42. Nh4 Bd3 43. axb5 cxb5 44. f5 Bc4 45. Rb1 Re3+ 46. Kh2
Rxc3 47. Ra1 d4 48. Ra7+ Kg8 49. f6 Bd3 50. Nf3 Rc5 51. Nxd4 Re5 52. Rb7 Kf8
53. g4 Re4 54. Nxb5 Rf4 55. Kg3 Rxf6 56. Nd4 Be4 57. Ra7 Rd6 58. Ra4 Kf7 59.
Kf4 Bg6 60. Nf3 Kf6 61. Ra8 Rd3 62. Ra6+ 1-0

[Event "First Saturday 2011 june IM"]
[Site "Budapest"]
[Date "2011.06.06"]
[Round "3"]
[White "Foo, Benjamin"]
[Black "Lengyel, Bela"]
[Result "0-1"]
[WhiteElo "2195"]
[BlackElo "2296"]
[PlyCount "112"]
[EventDate "2011.06.04"]

1. e4 e5 2. Nf3 Nc6 3. Bc4 Nf6 4. Ng5 d5 5. exd5 Na5 6. Bb5+ c6 7. dxc6 bxc6 8.
Qf3 Rb8 9. Bd3 h6 10. Ne4 Nd5 11. O-O g6 12. b3 Bg7 13. Ba3 Nb4 14. c3 Qxd3 15.
Bxb4 Qxf3 16. gxf3 Nb7 17. Re1 Be6 18. Na3 Kd7 19. Nc4 Bxc4 20. bxc4 Rhe8 21.
Rab1 f5 22. Nc5+ Nxc5 23. Bxc5 Kc7 24. Bxa7 Rxb1 25. Rxb1 Ra8 26. Bb6+ Kd6 27.
Ra1 Ra4 28. f4 exf4 29. d4 f3 30. h3 Bf6 31. a3 g5 32. Bc5+ Kd7 33. Kh2 f4 34.
Rb1 h5 35. Rb7+ Ke6 36. Rh7 Kf5 37. Bb4 Ra8 38. d5 cxd5 39. cxd5 Kg6 40. Rb7 g4
41. Bd6 Bh4 42. Bxf4 Bxf2 43. Bg3 Bc5 44. d6 Rxa3 45. d7 Ra2+ 46. Kh1 Ra1+ 47.
Kh2 Rd1 48. Rb2 Rxd7 49. Bf2 Bxf2 50. Rxf2 Kg5 51. hxg4 hxg4 52. Kg3 Rh7 53.
Rf1 Rh3+ 54. Kf2 Kf4 55. Ra1 g3+ 56. Kg1 f2+ 0-1

[Event "First Saturday 2011 june IM"]
[Site "Budapest"]
[Date "2011.06.07"]
[Round "4"]
[White "Kislik, Erik Andrew"]
[Black "Lengyel, Bela"]
[Result "1-0"]
[WhiteElo "2347"]
[BlackElo "2296"]
[PlyCount "76"]
[EventDate "2011.06.04"]

1. e4 e5 2. Nf3 Nc6 3. Bb5 a6 4. Ba4 Nf6 5. O-O Be7 6. Re1 b5 7. Bb3 d6 8. c3
O-O 9. h3 Na5 10. Bc2 c5 11. d4 Qc7 12. Nbd2 Nc6 13. d5 Na5 14. b3 Bd7 15. Nf1
Nb7 16. Ne3 g6 17. c4 Rfb8 18. Bd2 Bd8 19. Bd3 Na5 20. Qc2 Qc8 21. Kh2 Nb7 22.
a3 Ba5 23. b4 Bb6 24. Rec1 Nh5 25. Bf1 Nf4 26. Nd1 f6 27. Nb2 g5 28. Qd1 Qe8
29. g3 Ng6 30. Be3 Kg7 31. Nd2 Qe7 32. a4 bxa4 33. Nxa4 Bc7 34. bxc5 Nxc5 35.
Nxc5 dxc5 36. Nb3 Bd6 37. Ra5 h5 38. Nxc5 Bc8 1-0

[Event "First Saturday 2011 june IM"]
[Site "Budapest"]
[Date "2011.06.07"]
[Round "4"]
[White "Lyell, Mark"]
[Black "Foo, Benjamin"]
[Result "1-0"]
[WhiteElo "2171"]
[BlackElo "2195"]
[PlyCount "77"]
[EventDate "2011.06.04"]

1. e4 e5 2. Nf3 Nc6 3. Bc4 Nf6 4. Ng5 d5 5. exd5 Na5 6. Bb5+ c6 7. dxc6 bxc6 8.
Bd3 Nd5 9. Nf3 Bd6 10. O-O O-O 11. Re1 Re8 12. Nc3 f5 13. Bf1 e4 14. Nd4 Nf6
15. h3 Bc5 16. Nde2 f4 17. d3 e3 18. f3 Nh5 19. Ne4 Bb6 20. c4 Qh4 21. b4 Nb7
22. Bb2 Bf5 23. c5 Bxe4 24. dxe4 Bc7 25. Qd7 Re7 26. Qg4 Qxg4 27. hxg4 Nf6 28.
Nd4 Nd8 29. Nf5 Rd7 30. Red1 Rb8 31. g5 Rxd1 32. Rxd1 Ne8 33. Bc4+ Kf8 34. Bc3
Nf7 35. Rd7 Nxg5 36. Bxg7+ Nxg7 37. Rxg7 Ke8 38. Rxg5 Rxb4 39. Be6 1-0

[Event "First Saturday 2011 june IM"]
[Site "Budapest"]
[Date "2011.06.07"]
[Round "4"]
[White "Vas, Peter"]
[Black "Szalanczy, Emil"]
[Result "0-1"]
[WhiteElo "2297"]
[BlackElo "2276"]
[PlyCount "120"]
[EventDate "2011.06.04"]

1. e4 c5 2. Nf3 d6 3. d4 cxd4 4. Nxd4 Nf6 5. f3 e5 6. Nb3 h6 7. c4 a5 8. Be3 a4
9. N3d2 Be7 10. Bd3 O-O 11. O-O Nc6 12. Nc3 Qa5 13. Rc1 Bd7 14. Nd5 Nxd5 15.
exd5 Nd4 16. f4 Bf5 17. Ne4 Bxe4 18. Bxe4 Rac8 19. fxe5 dxe5 20. Qg4 Bg5 21.
Bxg5 hxg5 22. Qh3 g6 23. Kh1 Kg7 24. Qd7 Qc5 25. Rfe1 Rh8 26. d6 Rcd8 27. Qxb7
Rxd6 28. Bd5 Rf6 29. Rxe5 Nf5 30. h3 Qf2 31. Rxf5 gxf5 32. Qe7 Qf4 33. Rc3 g4
34. Qe3 Qxe3 35. Rxe3 f4 36. Ra3 g3 37. Kg1 Re8 38. Kf1 Rf5 39. Rc3 Rfe5 40.
Rc1 Rb8 41. Rb1 Rb4 42. a3 Rb6 43. Bf3 f5 44. Bd1 Ra5 45. Ke2 Rd6 46. Rc1 Re5+
47. Kf1 Rd2 48. Bxa4 Rf2+ 49. Kg1 f3 50. gxf3 Ree2 51. f4 Rxf4 52. Rc3 Kf6 53.
Bc6 Rd4 54. Rc1 Rxb2 55. c5 Rdd2 56. Bf3 Rbc2 57. Rxc2 Rxc2 58. c6 Ke5 59. a4
Kf4 60. Bd5 Rc5 0-1

[Event "First Saturday 2011 june IM"]
[Site "Budapest"]
[Date "2011.06.07"]
[Round "4"]
[White "Omarsson, Dadi"]
[Black "Hou, Qiang"]
[Result "0-1"]
[WhiteElo "2225"]
[BlackElo "2284"]
[PlyCount "72"]
[EventDate "2011.06.04"]

1. e4 e5 2. Nf3 Nc6 3. Bc4 Bc5 4. c3 Nf6 5. d3 d6 6. Bb3 O-O 7. h3 d5 8. Qe2 h6
9. Nbd2 dxe4 10. dxe4 Nh5 11. g3 Qf6 12. Nf1 Be6 13. Be3 Bb6 14. Bd1 Qe7 15.
N3d2 Nf6 16. g4 Nd7 17. Ng3 Rad8 18. Nf5 Bxf5 19. gxf5 Qh4 20. Bxb6 axb6 21.
Bc2 Nf6 22. O-O-O Nh5 23. Rdg1 Nf4 24. Qe3 Qf6 25. Rg4 h5 26. Rg3 b5 27. Nf3 b4
28. Rhg1 g6 29. Ng5 Kh8 30. h4 bxc3 31. bxc3 Na5 32. Kb1 Ra8 33. fxg6 fxg6 34.
Nh3 Nc4 35. Qc1 Qb6+ 36. Bb3 Rxa2 0-1

[Event "First Saturday 2011 june IM"]
[Site "Budapest"]
[Date "2011.06.07"]
[Round "4"]
[White "Battey, Alexander"]
[Black "Farago, Sandor"]
[Result "1/2-1/2"]
[WhiteElo "2269"]
[BlackElo "2281"]
[PlyCount "57"]
[EventDate "2011.06.04"]

1. d4 Nf6 2. Nf3 g6 3. Bf4 Bg7 4. e3 c5 5. c3 b6 6. a4 cxd4 7. exd4 Bb7 8. Be2
O-O 9. h3 d6 10. O-O a6 11. Nbd2 Nbd7 12. Bh2 Rc8 13. Re1 Qc7 14. Bd3 Rce8 15.
Qe2 Qc8 16. Nc4 Nd5 17. Qd2 N7f6 18. Re2 Qc7 19. Na3 Qd7 20. Nc2 Nc7 21. Nce1
b5 22. axb5 axb5 23. Bf4 Ra8 24. Rd1 Rfe8 25. Bh6 Ne6 26. Bxg7 Kxg7 27. Ng5 Nc7
28. Nef3 Ncd5 29. Rde1 1/2-1/2

[Event "First Saturday 2011 june IM"]
[Site "Budapest"]
[Date "2011.06.07"]
[Round "4"]
[White "Pirisi, Gabor"]
[Black "Chen, Yang"]
[Result "1-0"]
[WhiteElo "2243"]
[BlackElo "2080"]
[PlyCount "53"]
[EventDate "2011.06.04"]

1. c4 e5 2. g3 Nf6 3. Bg2 d5 4. cxd5 Nxd5 5. Nc3 Nb6 6. Nf3 Nc6 7. O-O Be7 8.
a3 Be6 9. b4 a6 10. d3 O-O 11. Bb2 f6 12. Ne4 Nd4 13. Nxd4 exd4 14. Nc5 Bxc5
15. bxc5 Nd5 16. Qa4 Nc3 17. Bxc3 dxc3 18. Rac1 Bd5 19. Rxc3 Bxg2 20. Kxg2 Qd5+
21. e4 Qh5 22. Qb3+ Kh8 23. Qxb7 f5 24. exf5 Qxf5 25. Qe4 Qh5 26. d4 Rae8 27.
Rf3 1-0

[Event "First Saturday 2011 june IM"]
[Site "Budapest"]
[Date "2011.06.08"]
[Round "5"]
[White "Chen, Yang"]
[Black "Kislik, Erik Andrew"]
[Result "1/2-1/2"]
[WhiteElo "2080"]
[BlackElo "2347"]
[PlyCount "126"]
[EventDate "2011.06.04"]

1. e4 e5 2. Nf3 Nc6 3. Bc4 Bc5 4. c3 Nf6 5. d4 exd4 6. cxd4 Bb4+ 7. Nc3 Nxe4 8.
O-O Nxc3 9. bxc3 Be7 10. d5 Nb8 11. d6 cxd6 12. Bxf7+ Kxf7 13. Qd5+ Kf8 14. Re1
Na6 15. Ng5 Qe8 16. Bf4 Nc7 17. Qf5+ Kg8 18. Bxd6 Ne6 19. Nxe6 dxe6 20. Rxe6
Bxe6 21. Qxe6+ Qf7 22. Qxe7 Qxe7 23. Bxe7 Kf7 24. Bc5 Rhd8 25. Bd4 Rd7 26. Kf1
a6 27. Rb1 Re8 28. g3 Re6 29. f4 Rh6 30. h4 Rh5 31. a4 Ra5 32. Rb4 Ke6 33. Ke2
Rad5 34. g4 h5 35. Kf3 hxg4+ 36. Kxg4 R5d6 37. Be5 Rd1 38. Rb6+ Kf7 39. h5 Ra1
40. h6 gxh6 41. Rxh6 Rxa4 42. Kf5 Re7 43. Rh7+ Ke8 44. Rh8+ Kd7 45. Rb8 Kc6 46.
Kf6 Rh7 47. f5 Rg4 48. Ke6 Rh5 49. Rc8+ Kb5 50. Bd4 Re4+ 51. Kd5 Re1 52. Rc5+
Ka4 53. Kd6 b5 54. f6 Rxc5 55. Bxc5 Rf1 56. Ke7 a5 57. Bb6 Re1+ 58. Kd7 b4 59.
cxb4 axb4 60. f7 Rf1 61. Ke7 b3 62. Bd4 Re1+ 63. Kf6 Rf1+ 1/2-1/2

[Event "First Saturday 2011 june IM"]
[Site "Budapest"]
[Date "2011.06.08"]
[Round "5"]
[White "Hou, Qiang"]
[Black "Battey, Alexander"]
[Result "1/2-1/2"]
[WhiteElo "2284"]
[BlackElo "2269"]
[PlyCount "172"]
[EventDate "2011.06.04"]

1. e4 c5 2. Nf3 e6 3. d4 cxd4 4. Nxd4 a6 5. Bd3 Bc5 6. Nb3 Be7 7. O-O d6 8. c4
Nf6 9. Nc3 b6 10. a4 Nc6 11. Be3 Bb7 12. Nd4 Ne5 13. f3 O-O 14. Be2 Rc8 15. b3
Ned7 16. Qe1 Kh8 17. Qf2 Rg8 18. Rfd1 g5 19. h3 Nh5 20. Bf1 Qc7 21. Nde2 Rg6
22. Bd4+ Kg8 23. Rac1 Nc5 24. b4 Nd7 25. Ng3 Nf4 26. Nce2 a5 27. bxa5 bxa5 28.
Nc3 Qd8 29. Nb5 Qf8 30. Qd2 Nc5 31. Rb1 Ba8 32. Qxa5 h5 33. Be3 h4 34. Ne2 Ncd3
35. Qd2 Ne5 36. Nxd6 Nxh3+ 37. Kh1 Bxd6 38. Qxd6 Qxd6 39. Rxd6 Nxc4 40. Rd3
Nxe3 41. Rxe3 Nf4 42. Nxf4 gxf4 43. Reb3 Kg7 44. Rb8 Rxb8 45. Rxb8 Bc6 46. a5
Rg5 47. Rb6 Bxe4 48. fxe4 Rxa5 49. Be2 Ra3 50. Rb5 h3 51. gxh3 Rxh3+ 52. Kg2
Re3 53. Bf3 Kg6 54. Kf2 Kf6 55. Rh5 Kg6 56. Rh4 e5 57. Rg4+ Kh6 58. Rg1 Ra3 59.
Kg2 Kg5 60. Kh3+ Kf6 61. Kg4 Ra8 62. Rb1 Rg8+ 63. Kh4 Rg3 64. Bg4 Re3 65. Bf5
Rg3 66. Rb2 Rg1 67. Kh3 Rg8 68. Rb6+ Kg5 69. Kg2 Ra8 70. Rb2 Ra3 71. Kf2 Rc3
72. Ke2 f3+ 73. Kd2 Ra3 74. Rb7 Kf4 75. Rxf7 Ra2+ 76. Kd3 Ra3+ 77. Kc4 f2 78.
Bd7+ Ke3 79. Bb5 Rd3 80. Kc5 Rd4 81. Bc6 Rd1 82. Bb5 Rd4 83. Bc6 Ke2 84. Bd5
f1=Q 85. Rxf1 Kxf1 86. Kd6 Ke2 1/2-1/2

[Event "First Saturday 2011 june IM"]
[Site "Budapest"]
[Date "2011.06.08"]
[Round "5"]
[White "Szalanczy, Emil"]
[Black "Omarsson, Dadi"]
[Result "1/2-1/2"]
[WhiteElo "2276"]
[BlackElo "2225"]
[PlyCount "92"]
[EventDate "2011.06.04"]

1. e4 c5 2. Nf3 Nc6 3. d4 cxd4 4. Nxd4 g6 5. Be3 Bg7 6. Nc3 Nf6 7. Bc4 O-O 8.
Bb3 d6 9. f3 Bd7 10. Qd2 Rc8 11. h4 h5 12. Nxc6 bxc6 13. Bh6 c5 14. Bxg7 Kxg7
15. Qe2 Qc7 16. Bc4 Bc6 17. O-O-O Rb8 18. Rhe1 Nd7 19. f4 Qb7 20. b3 Rfd8 21.
Rd3 Qb4 22. Red1 Nb6 23. Bxf7 Kxf7 24. f5 Nd7 25. fxg6+ Kg7 26. Qxh5 Nf6 27.
Qg5 Rh8 28. g4 c4 29. Re3 cxb3 30. axb3 Rb7 31. h5 Qa3+ 32. Kb1 Rhb8 33. h6+
Kg8 34. Nd5 Bxd5 35. Rxd5 Rxb3+ 36. Rxb3 Rxb3+ 37. cxb3 Qxb3+ 38. Kc1 Qc3+ 39.
Kb1 Qb3+ 40. Ka1 Qa3+ 41. Kb1 Qb3+ 42. Kc1 Qc3+ 43. Kb1 Qb3+ 44. Ka1 Qa3+ 45.
Kb1 Qb3+ 46. Ka1 Qa3+ 1/2-1/2